000 00311nam a22001337a 4500
008 170809b xxu||||| |||| 00| 0 eng d
020 _a9780078825835
041 _aeng
080 _a004
100 _a35
101 _aSHKI
245 _aTHE COMPLETE REFERENCE VISUAL STUDIO 6
_cMUELLER, J.P
942 _2udc
_cBK
999 _c23053
_d23053